Arsenal Academy Players - Sudden Death - Statistics

General Stats
  • This quiz has been taken 175 times
    165 since last reset
  • The average score is 8 of 14
Answers on the Grid
Answers color-coded by a green-red scale on the quiz's grid according to % correct below.
Aaron Ramsdale
Aaron Ramsey
Alex Iwobi
Ashley Cole
Bacary Sagna
Ben White
Bukayo Saka
Cesc Fàbregas
Declan Rice
Emile Smith Rowe
Emiliano Martínez
Emmanuel Adebayor
Ethan Nwaneri
Fredrik Ljungberg
Gabriel Magalhães
Gabriel Martinelli
Harry Kane
Héctor Bellerín
Jack Wilshere
Kolo Touré
Martin Ødegaard
Michael Olise
Patrick Vieira
Per Mertesacker
Serge Gnabry
Tony Adams
William Saliba
Wojciech Szczesny
 
Answer Stats
Answer % Correct
Bukayo Saka
82%
Ethan Nwaneri
79%
Emile Smith Rowe
78%
Alex Iwobi
73%
Ashley Cole
69%
Serge Gnabry
69%
Jack Wilshere
68%
Cesc Fàbregas
58%
Emiliano Martínez
54%
Tony Adams
54%
Héctor Bellerín
46%
Harry Kane
44%
Michael Olise
34%
Wojciech Szczesny
32%
No matching quizzes found
Score Distribution
Percent of People with Each Score
Percentile by Number Answered
Your Score History
You have not taken this quiz since the last reset